| 000 | 00947 a2200217 4500 | ||
|---|---|---|---|
| 005 | 2008092408358.0 | ||
| 008 | 080924t xxu||||| |||| 00| 0 eng d | ||
| 010 | _aENG-87851 | ||
| 020 |
_a8189915657 _c880.00 |
||
| 035 | _aEN-71384 | ||
| 037 | _bD.B.Act / Pub | ||
| 082 | _a342.540662 | ||
| 100 | _aJain, N. K. | ||
| 245 |
_aRight to information _cby N. K. Jain _bconcept, law and practice with position in other countries and case studies |
||
| 260 |
_aNew Delhi _bRegal Publications _c2007 |
||
| 270 |
_aF-159, Rajouri Garden _bNew Delhi _e110 027 _k011-45546396 _mregalbookspub@yahoo.com |
||
| 300 |
_axii, 329 p. _c23 cm. (Hb.) |
||
| 500 | _aIncludes bibliograpgical references and index | ||
| 942 |
_adpl _cEN _k342.540662 / JAI _2ddc _h342.540662 _mJAI |
||
| 999 |
_c7149 _d7149 |
||